00798nam a2200217 a 4500001000800000005001700008008004100025041000800066044000600074050002100080100002600101245020500127260004500332300003000377504003200407650005100439650003000490650002500520650001200545700002300557BRL_35720190320210714.0050813s1940----u--a######---#000-0#eng-# aeng au 4aWZ290b.W35 19401 aWalcott Emmart, Emily10aThe Bandianus Manuscriptb(Codex Barberini, Latin 241) Vatican Library an Aztec herbal of 1552.cintroduction, translation and annotations by Emily Walcott Emmart with a foreword by Henry E. Sigerist. aBaltimorebThe Johns Hopkins Pressc1940 axxiv, 341 p.bil.c31 cm. aBibliografía : p. 339-34114aMateria médicayPrimeros trabajos hasta 180014aMateria médica, plantas14aBotánicazMéxico14aAztecas1 aE. Sigerist, Henry